000 00521nam a2200181 a 4500
005 20210219154631.0
008 030926s1978 mx r 000 0 spa d
020 _a0340229160
035 _aUPN01000129259
049 _aCG
050 4 _aLB1731
_bE9.3
100 1 _aEvans, Norman
245 1 0 _aBeginning teaching in professional partnership /
_cNorman Evans.
260 _aLondon :
_bHodder and Stoughton,
_cc1978.
300 _a101 p.
650 4 _aMAESTROS EN SERVICIO, FORMACION DE -
_zINGLATERRA
905 _aLibro
999 _c101431
_d101431